000 00626nam a22002297a 4500
003 UA-OsUOA
001 48200
007 ta
008 20070830b un ||||| |||| 00| 0 ukr d
100 _aОленева В.И.
090 _a82.09
_bО-53
942 _cBK
040 _aUA-OsUOA
_brus
_cUA-OsUOA
_dUA-OsUOA
245 _aМодернистская новелла США 60-70-е годы
300 _a293 с.
955 _a2
041 _arus
080 _a82.09
260 _aК.
_bНаукова думка
_c1985
650 7 _a82 Література. Літературознавство
_2UDC
999 _c334321
_d334321